[Event "4. Open Ciudad de Tres Cantos 2012"]
[Site "Tres Cantos ESP"]
[Date "2012.06.29"]
[Round "9.38"]
[White "Sebastian Enesco, Alex"]
[Black "De Torres Lopez, Javier"]
[Result "0-1"]
[WhiteElo "1806"]
[BlackElo "1627"]
[PlyCount "88"]
[EventDate "2012.06.21"]
[EventType "swiss"]
[EventRounds "9"]
[EventCountry "ESP"]
[Source "lmi"]
[SourceDate "2012.06.21"]

1. d4 d5 2. c4 c6 3. e3 e6 4. Nf3 Nf6 5. Nc3 Nbd7 6. Bd3 dxc4 7. Bxc4 b5 8. Bd3
Bd6 9. e4 e5 10. O-O O-O 11. Bg5 h6 12. Bh4 exd4 13. Nxd4 Ne5 14. f4 Nxd3 15.
Qxd3 Bc5 16. Nce2 Bg4 17. Bxf6 Qxf6 18. Kh1 Bxe2 19. Nxe2 Qxb2 20. Ng3 Qd4 21.
Qf3 Kh7 22. Nf5 Qf6 23. Qh5 Qg6 24. Qh3 Qe6 25. Rf3 Qxe4 26. Rg3 Bd4 27. Rd1
Rad8 28. Rf1 Rfe8 29. Rgf3 Qe2 30. Qg4 g6 31. Nh4 Re3 32. f5 g5 33. f6 Rxf3 34.
Qxf3 Qxf3 35. Nxf3 Bxf6 36. h3 Kg6 37. Nh2 h5 38. Rc1 Rd2 39. Nf3 Rxa2 40. Rxc6
Kg7 41. Kh2 b4 42. Rc5 Ra6 43. Nd2 Ra2 44. Nc4 Rc2 0-1

[Event "4. Open Ciudad de Tres Cantos 2012"]
[Site "Tres Cantos ESP"]
[Date "2012.06.29"]
[Round "9.40"]
[White "Yeves Miquel, Enrique"]
[Black "Benito Mellado, Humberto"]
[Result "1-0"]
[WhiteElo "1748"]
[BlackElo "1592"]
[PlyCount "49"]
[EventDate "2012.06.21"]
[EventType "swiss"]
[EventRounds "9"]
[EventCountry "ESP"]
[Source "lmi"]
[SourceDate "2012.06.21"]

1. d4 d5 2. c4 c6 3. Nc3 Nf6 4. e3 Bg4 5. f3 Bh5 6. cxd5 Nxd5 7. e4 Nxc3 8.
bxc3 e6 9. Bf4 Bd6 10. Bxd6 Qxd6 11. Qb3 b6 12. e5 Qd5 13. Bc4 Qa5 14. Ne2 b5
15. Bd3 Nd7 16. O-O a6 17. Ng3 Bg6 18. Bxg6 hxg6 19. Ne4 Qb6 20. Nd6+ Ke7 21.
Kh1 c5 22. Rfd1 cxd4 23. cxd4 Rh4 24. Qb4 Qc6 25. Nf5+ 1-0

[Event "4. Open Ciudad de Tres Cantos 2012"]
[Site "Tres Cantos ESP"]
[Date "2012.06.29"]
[Round "9.41"]
[White "Herranz Sanchez, Pablo"]
[Black "Jarne Anguita, Miguel"]
[Result "1-0"]
[WhiteElo "1724"]
[BlackElo "1327"]
[PlyCount "41"]
[EventDate "2012.06.21"]
[EventType "swiss"]
[EventRounds "9"]
[EventCountry "ESP"]
[Source "lmi"]
[SourceDate "2012.06.21"]

1. f4 d5 2. e3 e6 3. Nf3 Bd6 4. b3 Nf6 5. Bb2 O-O 6. Be2 b6 7. O-O Bb7 8. h3
Nbd7 9. Qe1 Nc5 10. g4 h6 11. Qh4 Nfe4 12. Qe1 Na6 13. d3 Nf6 14. Nbd2 Bc5 15.
Bd1 Nb4 16. a3 Nc6 17. b4 Bd6 18. g5 hxg5 19. Nxg5 Nb8 20. Qh4 Nbd7 21. e4 1-0

[Event "4. Open Ciudad de Tres Cantos 2012"]
[Site "Tres Cantos ESP"]
[Date "2012.06.29"]
[Round "9.42"]
[White "Lopez Perez, Iñigo"]
[Black "Delgado Mena, Diego"]
[Result "1-0"]
[WhiteElo "1720"]
[BlackElo "1524"]
[PlyCount "85"]
[EventDate "2012.06.21"]
[EventType "swiss"]
[EventRounds "9"]
[EventCountry "ESP"]
[Source "lmi"]
[SourceDate "2012.06.21"]

1. b4 e5 2. f4 Bxb4 3. Bb2 d6 4. fxe5 dxe5 5. Bxe5 Nf6 6. Nf3 O-O 7. e3 c5 8.
c4 Nc6 9. Bb2 Ba5 10. a3 Be6 11. Be2 Qb6 12. Qc2 Rad8 13. O-O a6 14. Ng5 Rfe8
15. Bxf6 gxf6 16. Qxh7+ Kf8 17. Qh8+ Ke7 18. Qxf6+ Kd7 19. Nxf7 Rf8 20. Qg7
Bxf7 21. Rxf7+ Rxf7 22. Qxf7+ Kc8 23. Bg4+ Kb8 24. Qf4+ Ka7 25. Nc3 Bxc3 26.
dxc3 Qb2 27. Rf1 Qxc3 28. a4 Qa5 29. Bf3 Qxa4 30. Qg5 Qa5 31. Bxc6 bxc6 32.
Qe7+ Ka8 33. Rb1 Rb8 34. Rf1 Qb4 35. Qe4 Rc8 36. h4 Qb2 37. h5 a5 38. h6 a4 39.
Rb1 Qc3 40. Qe6 Rc7 41. h7 a3 42. Qe8+ Ka7 43. h8=Q 1-0

[Event "4. Open Ciudad de Tres Cantos 2012"]
[Site "Tres Cantos ESP"]
[Date "2012.06.29"]
[Round "9.45"]
[White "Saber, Salah"]
[Black "Ojosnegros Martin, Angel"]
[Result "0-1"]
[WhiteElo "1929"]
[BlackElo "1488"]
[PlyCount "132"]
[EventDate "2012.06.21"]
[EventType "swiss"]
[EventRounds "9"]
[EventCountry "ESP"]
[Source "lmi"]
[SourceDate "2012.06.21"]

1. e4 e5 2. Nf3 Nc6 3. Bb5 Bc5 4. c3 Nge7 5. O-O Bb6 6. d4 exd4 7. cxd4 d5 8.
e5 O-O 9. h3 a6 10. Be2 Re8 11. Nc3 Be6 12. a3 Ba7 13. Be3 Qd7 14. Ng5 Nf5 15.
Qd2 Ncxd4 16. Bxd4 Bxd4 17. g4 Bxc3 18. bxc3 Ne7 19. f4 h6 20. Nf3 Qc6 21. Nd4
Qc5 22. f5 Bd7 23. f6 Ng6 24. fxg7 Kxg7 25. Bd3 Nxe5 26. Bc2 f6 27. Qf2 Qf8 28.
a4 Rad8 29. Nf5+ Bxf5 30. Qxf5 Qc5+ 31. Kg2 Rd6 32. Qh7+ Kf8 33. Qxh6+ Ke7 34.
Qg7+ Kd8 35. Rac1 Nc4 36. Rfe1 Ne3+ 37. Kg3 Qxc3 38. Bd3 Nf5+ 39. gxf5 Qxd3+
40. Kg2 Qd2+ 41. Kf3 Qd3+ 42. Kg2 Re2+ 43. Rxe2 Qxe2+ 44. Kh1 Qf3+ 45. Qg2
Qxg2+ 46. Kxg2 d4 47. h4 Rd7 48. Kf3 Rh7 49. Rh1 Kd7 50. Ke4 Rh5 51. Kxd4 Kd6
52. Ke4 c6 53. Kf4 b5 54. axb5 cxb5 55. Ke4 Kc5 56. Rc1+ Kb6 57. Rh1 a5 58. Kd4
a4 59. Kd5 Rxf5+ 60. Ke6 Rh5 61. Kxf6 a3 62. Kg6 Rh8 63. h5 b4 64. Kg7 Ra8 65.
h6 a2 66. h7 b3 0-1

[Event "4. Open Ciudad de Tres Cantos 2012"]
[Site "Tres Cantos ESP"]
[Date "2012.06.29"]
[Round "9.47"]
[White "Ballesteros Jimenez, Miguel A"]
[Black "Martin Rodriguez, Jose L"]
[Result "1-0"]
[WhiteElo "1672"]
[BlackElo "1449"]
[PlyCount "81"]
[EventDate "2012.06.21"]
[EventType "swiss"]
[EventRounds "9"]
[EventCountry "ESP"]
[Source "lmi"]
[SourceDate "2012.06.21"]

1. e4 e6 2. d3 c5 3. Nf3 d5 4. g3 dxe4 5. dxe4 Qxd1+ 6. Kxd1 Nf6 7. Nc3 a6 8.
Bg2 Nc6 9. Bf4 Be7 10. Ke2 O-O 11. Rad1 Rd8 12. Na4 b5 13. Nb6 Ra7 14. Rxd8+
Bxd8 15. Nxc8 Rd7 16. Rd1 Rxd1 17. Kxd1 Kf8 18. Nd2 Ke8 19. e5 Nd5 20. Bxd5
exd5 21. Nd6+ Kf8 22. Nb3 g5 23. Be3 d4 24. Bd2 c4 25. Nc5 Nxe5 26. Nxa6 Nf3
27. Bb4 Be7 28. Nxb5 Bxb4 29. Nxb4 Nxh2 30. Nxd4 Ng4 31. Ke2 h5 32. Nf3 f6 33.
Nd5 Kf7 34. a4 Ke6 35. Ne3 Nxe3 36. Kxe3 Kd5 37. a5 g4 38. Nh4 Kc5 39. a6 Kb6
40. Kd4 c3 41. Kxc3 1-0